Normal view
MARC view
Entry Topical Term
001 - CONTROL NUMBER
- control field: 38225
003 - CONTROL NUMBER IDENTIFIER
- control field: ARRUPE
005 - DATE AND TIME OF LATEST TRANSACTION
- control field: 20180103143906.0
008 - FIXED-LENGTH DATA ELEMENTS
- fixed length control field: 180103|| aca||aabn | a|a d
040 ## - CATALOGING SOURCE
- Original cataloging agency: ARRUPE
- Transcribing agency: ARRUPE
150 ## - HEADING--TOPICAL TERM
- Topical term or geographic name as entry element: Ethnoloogy - - ;1;;1
- General subdivision: Collected works
- Geographic subdivision: Papua New Guinea
670 ## - SOURCE DATA FOUND
- Source citation: Work cat.: (ARRUPE)5265: Williams, Francis Edgar 38224, The Vailala madness and other essays, 1977